Statistiques concernant Paroles Aux arbres citoyens-Yannick Noah

Cliquez ici pour prendre le quiz!

Statistiques générales

  • Ce quiz a été pris 51 fois
  • Le résultat moyen est 157 sur 213

Statistiques - réponses

Réponse% Correct
à
100%
Aux
100%
aux
100%
citoyens
100%
Le
100%
le
100%
les
100%
arbres
98%
De
98%
de
98%
changer
96%
choses
96%
est
96%
grand
96%
Il
96%
temps
96%
demain
93%
monde
93%
pour
93%
Un
93%
un
93%
qu'on
91%
la
89%
La
89%
Puisqu'il
89%
faut
87%
propose
85%
nos
80%
dans
78%
qui
78%
Ce
76%
C'est
72%
c'est
72%
nous
72%
se
72%
Faire
67%
l'eau
67%
Et
65%
Notre
65%
notre
65%
Plus
65%
plus
65%
faute
63%
Mais
63%
Terre
63%
tout
63%
Une
63%
en
61%
on
61%
campagnes
59%
ciment
59%
Des
59%
dire
59%
montagnes
59%
prend
59%
beaux
57%
histoire
57%
jusqu'aux
57%
plaines
57%
Qu'elle
57%
Quelques
57%
Coule
54%
Maintenant
54%
ronde
54%
s'oppose
54%
venir
54%
fontaines
52%
idéal
52%
ou
52%
sur
52%
autres
50%
moi
50%
bat
48%
Fait
48%
Reste
48%
prendre
46%
savoir
46%
toi
46%
viendra
46%
vrai
46%
baffes
43%
balance
43%
drôle
43%
mot
43%
rendre
43%
armée
41%
Avec
41%
Contre
41%
épaules
41%
l'équateur
41%
passer
41%
Poison
41%
pôles
41%
roseaux
41%
debout
39%
genoux
39%
l'existence
39%
personne
39%
pétrodollars
39%
rafales
39%
tenir
39%
crois
37%
j'y
37%
Remplir
37%
cyclones
35%
éphémères
35%
chance
33%
S'acheter
33%
barre
30%
compter
30%
poids
28%
veille
28%
l'air
26%
l'est
24%
squatteurs
24%

Distribution des résultats

Percentile par nombre de réponses

% des personnes avec chaque résultat

Votre développement - résultats

Vous n’avez pas pris ce quiz